000 00307nam a22001337a 4500
008 170208b xxu||||| |||| 00| 0 eng d
020 _a9780136129806
041 _aeng
080 _25TH
_a61
100 _a4
101 _aSHM
245 _aFOUNDTIONS OF NURSING RESEARCH
_cNIESWIADOMY, R.M
942 _2udc
_cBK
999 _c4908
_d4908